Biggest US cities during the time when Disco started - Statistics

General Stats
  • This quiz has been taken 21 times
  • The average score is 9 of 10
Answer Stats
Hint Answer % Correct
3,366,957 Chicago
100%
1,511,482 Detroit
100%
1,232,802 Houston
100%
2,816,061 Los Angeles
100%
7,894,862 New York City
100%
844,401 Dallas
95%
3,366,957 Philadelphia
89%
905,759 Baltimore
84%
756,510 Washington, DC
79%
750,903 Cleveland
74%
No matching quizzes found
Score Distribution
Percent of People with Each Score
Percentile by Number Answered
Your Score History
You have not taken this quiz